02266 a2200193 45000010006000000050017000060080041000230030015000640400040000790800033001192450100001520200022002522640046002743000023003205051599003430410008019421000024019508560098019743386620260407155629.0260407a2001 arg spa dAR-UNSa-BCEJYS aAR-UNSa-BCEJYSbspacAR-UNSa-BCEJYS a658.011.56xAutomatización10aSistemas de información para la gestión empresariapprocedimientos, seguridad y auditoría a978-987-9460-51-1 1aBuenos Aires :bPearson Educaciónc2001 axv, 444 p.c26 cm. aI: 1. Metodología de exposición de procedimientos - 2. Estudio de procedimientos: Compras mayores y recepción - 3. Principios y técnicas de control: Compras mayores y recepción - 4. Estudio de procedimientos: cuentas a pagar - 5. Principios y técnicas de control: cuentas a pagar - 6. Estudio de procedimientos: Comercialización - 7. Estudio de procedimientos: Ventas a créditos - 8. Principios y técnicas de control: Ventas a crédito - 9. Estudio de procedimientos: Pedidos de clientes - 10. Estudio de procedimientos: Facturación a clientes - 11. Estudio de procedimientos: Cuentas a cobrar - 12. Estudio de procedimientos: Cobranzas - 13. Estudio de procedimientos: Cobranzas en punto de venta - 14. Principios y técnicas de control: Cuetnas a cobrar y cobranzas - 15. Estudio de procedimientos: Remuneraciones - 17. Estudio de procedimientos: Administración de inventario de productos terminados - 18. Estudio de procedimientos: Bienes de Uso - II: Seguridad y auditoría informática : 19. Seguridad informática - 20. Auditoría de sistemas de información - 21. Auditoría de organización y administración del ambiente informático - 22. Controles de accesos lógicos y físicos - 23. Seguridad en los sistemas de base de datos - 24. Seguridad de redes y sistemas distribuidos - 25. Auditoría del desarrollo de sistemas - 26. Auditoría de sistemas de aplicación instalados - 27. Técnicas de auditoría y evaluación - 28. Técnicas de auditoría asistidas por computadoras - 29. Recuperación de desastres. Continuidad de operaciones. aspa1 aLardent, Alberto R.41uhttps://www.biblioeco.unsa.edu.ar/pmb/images/libros/L87022.jpgyImagen de portadaqimage/jpeg